[Event "ROM-ch U10"]
[Site "Calimanesti Caciulata"]
[Date "2019.04.20"]
[Round "7"]
[White "Podarica, Alexandru Constanti"]
[Black "Buzuriu, Razvan Florin"]
[Result "1/2-1/2"]
[WhiteElo "1127"]
[BlackElo "1393"]
[PlyCount "108"]
[EventDate "2019.04.15"]
[EventType "swiss"]
[EventRounds "9"]
[EventCountry "ROU"]
[SourceTitle "CBM 190 Extra"]
[Source "ChessBase"]
[SourceDate "2019.07.15"]
[SourceVersion "1"]
[SourceVersionDate "2019.07.15"]
[SourceQuality "1"]

1. e4 c5 2. c3 d5 3. exd5 Qxd5 4. d4 cxd4 5. cxd4 Nc6 6. Nf3 e5 7. Nc3 Bb4 8. Bd2 Bxc3 9. Bxc3 e4 10. Ne5 Nxe5 11. dxe5 Qc5 12. Qd4 Qxd4 13. Bxd4 Bd7 14. Rc1 Ne7 15. Bc4 Nc6 16. Bc5 Nxe5 17. Bd4 Nxc4 18. Rxc4 0-0 19. a4 a6 20. 0-0 Rac8 21. Rfc1 Rxc4 22. Rxc4 Rc8 23. Rxc8+ Bxc8 24. Kf1 Kf8 25. Ke2 g6 26. Ke3 f5 27. Kf4 h6 28. Ke5 Bd7 29. Kf6 Be8 30. Bc5+ Kg8 31. a5 Kh7 32. Bf8 Bc6 33. g3 Bd7 34. Bg7 g5 35. Bf8 f4 36. Bc5 Bc6 37. gxf4 gxf4 38. h4 Be8 39. Ke5 Bh5 40. Kxe4 Bg4 41. Kxf4 h5 42. b4 Kg6 43. Be7 Kf7 44. Bc5 Ke6 45. Bf8 Kd5 46. Bc5 Kc4 47. Bd6 Kd3 48. Bc5 Ke2 49. Kg3 Kf1 50. Bb6 Kg1 51. Be3 Kf1 52. Ba7 Ke2 53. Be3 Kd3 54. Bb6 Kc4 1/2-1/2

[Event "ROM-ch U10"]
[Site "Calimanesti Caciulata"]
[Date "2019.04.17"]
[Round "3"]
[White "Podarica, Alexandru Constanti"]
[Black "Petrica, Dan Andrei"]
[Result "0-1"]
[WhiteElo "1127"]
[BlackElo "1273"]
[PlyCount "70"]
[EventDate "2019.04.15"]
[EventType "swiss"]
[EventRounds "9"]
[EventCountry "ROU"]
[SourceTitle "CBM 190 Extra"]
[Source "ChessBase"]
[SourceDate "2019.07.15"]
[SourceVersion "1"]
[SourceVersionDate "2019.07.15"]
[SourceQuality "1"]

1. e4 c6 2. d4 d5 3. exd5 cxd5 4. Bd3 Nc6 5. c3 Qc7 6. h3 g6 7. Nf3 Bf5 8. Bb5 Bg7 9. Nbd2 a6 10. Ba4 b5 11. Bc2 Nf6 12. Nb3 Nd7 13. 0-0 f6 14. Re1 Bxc2 15. Qxc2 0-0 16. Qe2 e5 17. dxe5 Ncxe5 18. Bf4 Nxf3+ 19. Qxf3 Qc4 20. Bd6 Ne5 21. Bxe5 fxe5 22. Qe2 Qf4 23. Nc5 Qf7 24. Rad1 e4 25. Qd2 Kh8 26. Re2 Rfd8 27. b3 Rac8 28. Qe3 d4 29. cxd4 Rxc5 30. Qxe4 Rcd5 31. Red2 Qf5 32. Qxf5 gxf5 33. Kf1 Bxd4 34. Rxd4 Rxd4 35. Rxd4 Rxd4 0-1

[Event "ROM-ch U08"]
[Site "Calimanesti"]
[Date "2018.04.02"]
[Round "8"]
[White "Podarica, Alexandru Constanti"]
[Black "Gurau, Matei Alexandru"]
[Result "1-0"]
[WhiteElo "1122"]
[BlackElo "1094"]
[PlyCount "51"]
[EventDate "2018.03.27"]
[EventType "swiss"]
[EventRounds "9"]
[EventCountry "ROU"]
[SourceTitle "CBM 183 Extra"]
[Source "ChessBase"]
[SourceDate "2018.04.19"]
[SourceVersion "1"]
[SourceVersionDate "2018.04.19"]
[SourceQuality "1"]

1. e4 e5 2. Nf3 Nf6 3. Nxe5 d6 4. Nf3 Nxe4 5. Nc3 Nf6 6. d4 d5 7. Bd3 Bb4 8. Bd2 Be6 9. h3 Nc6 10. Qe2 Ba5 11. Ng5 0-0 12. Nxe6 fxe6 13. Qxe6+ Kh8 14. 0-0-0 Re8 15. Qf5 Nxd4 16. Qf4 Bxc3 17. Bxc3 Ne2+ 18. Bxe2 Rxe2 19. Rhe1 Rxe1 20. Rxe1 Qf8 21. Qxc7 Rb8 22. Bd4 Rc8 23. Qxb7 Qd8 24. Re7 Kg8 25. Bxf6 Rb8 26. Rxg7+ 1-0

[Event "ROM-ch U08"]
[Site "Calimanesti"]
[Date "2018.03.27"]
[Round "1"]
[White "Podarica, Alexandru Constanti"]
[Black "Cristea, George Cristian"]
[Result "1-0"]
[WhiteElo "1122"]
[BlackElo "1001"]
[PlyCount "47"]
[EventDate "2018.03.27"]
[EventType "swiss"]
[EventRounds "9"]
[EventCountry "ROU"]
[SourceTitle "CBM 183 Extra"]
[Source "ChessBase"]
[SourceDate "2018.04.19"]
[SourceVersion "1"]
[SourceVersionDate "2018.04.19"]
[SourceQuality "1"]

1. e4 e5 2. Nf3 Nc6 3. d4 exd4 4. Bc4 Bc5 5. c3 dxc3 6. Bxf7+ Kxf7 7. Qd5+ Kf8 8. Qxc5+ d6 9. Qxc3 Nf6 10. Bg5 Bg4 11. h3 Bxf3 12. Qxf3 Nd4 13. Qd3 c5 14. Nc3 Qa5 15. 0-0 h6 16. Bf4 Nh5 17. Bxd6+ Ke8 18. Be5 Nc6 19. Qd5 Nxe5 20. Qxe5+ Kd8 21. Qxh5 Re8 22. Rac1 Qb6 23. Nd5 Qd6 24. Rfd1 1-0